Фауна каменноугольного известняка, выступающего по р. Шартымке на восточном склоне Урала

Bibliographic Details
Main Author: Янишевский М. Э. Михаил Эрастович
Summary:Печатано по определению Общества Естествоиспытателей при Императорском Казанском Университете. Президент А. Штукенберг
Текст в русской дореформенной орфографии
Language:Russian
Published: Казань, Типо-литография Императорского Университета, 1900
Subjects:
Format: Book
KOHA link:https://koha.lib.tpu.ru/cgi-bin/koha/opac-detail.pl?biblionumber=372352

MARC

LEADER 00000nam0a2200000 4500
001 372352
005 20231102012452.0
035 |a (RuTPU)RU\TPU\retro\29775 
035 |a RU\TPU\book\212065 
090 |a 372352 
100 |a 20221214d1900 k y0rusy50 ca 
101 0 |a rus 
102 |a RU 
105 |a af z 001zy 
200 1 |a Фауна каменноугольного известняка, выступающего по р. Шартымке на восточном склоне Урала  |f М. Э. Янишевский 
210 |a Казань  |c Типо-литография Императорского Университета  |d 1900 
215 |a 398, X с.  |c 7 табл. + карта 
300 |a Печатано по определению Общества Естествоиспытателей при Императорском Казанском Университете. Президент А. Штукенберг 
300 |a Текст в русской дореформенной орфографии 
316 |5 63413507: ШкА/3151  |a На обложке дарственная надпись: "В Главную Библ. ТТИ" 
316 |5 63413507: 41//552  |a Пометы в тексте 
317 |5 63413507: 41//552  |a Поступил в НТБ в 1945 г. в составе книжного собрания профессора ТПИ А. В. Лаврского 
320 |a Алф. указ. описанных видов: с. I-X 
606 1 |a Палеонтология  |y Урал  |2 stltpush  |3 (RuTPU)RU\TPU\subj\67041  |9 82931 
610 1 |a труды учёных ТПУ 
610 1 |a Коллекция А. В. Лаврского 
610 1 |a дарственные надписи 
610 1 |a дары автора 
610 1 |a дары библиотеке 
610 1 |a Коллекция ТПУ 
610 1 |a известняки 
610 1 |a добыча 
610 1 |a палеонтологические исследования 
675 |a 56(470)  |v 3 
700 1 |a Янишевский  |b М. Э.  |c российский палеонтолог  |c профессор Томского технологического института  |f 1871-1949  |g Михаил Эрастович  |x TPU  |2 stltpush  |3 (RuTPU)RU\TPU\pers\13868 
801 1 |a RU  |b 63413507  |c 20110414 
801 2 |a RU  |b 63413507  |c 20221214  |g RCR 
942 |c BK